Özerk sanat konseyi 6. Sanatçılar kurultayına doğru-1 (Record no. 3083)

MARC details
000 -BAŞLIK
Sabit Uzunlukta Kontrol Alanı 00836na a2200253 4500
001 - KONTROL NUMARASI
Denetim Alanı 21547
003 - KONTROL NUMARASI IDENTIFIER
Denetim Alanı MIRAKIL
005 - SON İŞLEM TARİHİ VE ZAMANI
Denetim Alanı 20181213154919.0
008 - SABİT-BOY VERİ ELEMANLARI - GENEL BİLGİLER
Sabit Uzunlukta Kontrol Alanı 170205b tu 000 0
020 ## - ULUSLARARASI STANDART KİTAP NUMARASI
Uluslararası Standart Kitap Numarası 9789944895569
040 ## - KATALOGLAMA KAYNAK
Orijinal Kataloglama Ajansı Milas
Kataloglama Dili tur
Metne Dönüştürmek Ajansı TR-AnCHP
041 ## - DİL KODU
Metin / Ses Parça Veya Ayrı Başlığın Dil Kodu tur
082 ## - DEWEY ONLU SINIFLANDIRMA NUMARASI
Sınıflandırma Numarası 706
Ürün Numarası Ö93 2008
090 ## - SINIFLAMA NUMARASI
Sınıflama Numarası 706 Ö93 2008
111 ## - ANA GİRİŞ - TOPLANTI ADI
Giriş Elemanı Olarak Toplantı Adı Veya Yargı Alanı Adı Özerk sanat konseyi 6. Sanatçılar kurultayına doğru-1 Panel-Forum Anayasa ve Sanat
Toplantı Veya Antlaşma İmzalandığı Tarihi 8 Ocak 2008
245 ## - BAŞLIK TABLOSU
Başlık Özerk sanat konseyi 6. Sanatçılar kurultayına doğru-1
Başlığın Kalan Anayasa be Sanat
Sorumluluk Tablosu, Vb TMMOB mimarlar odası
246 ## - UNVAN FORM VARYING
Başlık Doğru / Kısa Başlığı Anayasa ve sanat
260 ## - YAYIN, DAĞITIM, VB
Yayın, Dağıtım, Vb Yeri İstanbul
Yayıncı, Dağıtıcı, Vs Adı TMMOB Mimarlar Odası
Yayın, Dağıtım, Vb Tarihi 2008
300 ## - FİZİKSEL TANIM
Kapsam 104 s.
Boyutlar 24 sm.
500 ## - GENEL NOT
Genel Not Yapıt yazarından imzalıdır.
650 ## - KONU KATMA GİRİŞ - TOPİKAL DÖNEM
Topikal Süreli Veya Coğrafi Ad Giriş Elemanı Anayasa ve sanat
Genel Alt Bölümü Toplantılar
650 ## - KONU KATMA GİRİŞ - TOPİKAL DÖNEM
Topikal Süreli Veya Coğrafi Ad Giriş Elemanı Sanatçılar
Genel Alt Bölümü Toplantılar
942 ## - EKLENDİ GİRİŞ ELEMANLARI (KOHA)
Sınıflandırma Veya Raf Düzeni Kaynak Dewey Decimal Classification
Koha Öğesi Türü Books
999 ## - SİSTEM KONTROL NUMARALARI (KOHA)
Koha Biblionumber 3083
Koha Biblioitemnumber 3083
Holdings
Kalıcı Konum Mevcut Konum Edinme Tarihi Edinim Kaynak Toplam Check-Out'Lar Tam Çağrı Numarası Barkod Tarih Son Görülme İtibaren Geçerli Fiyatlar Koha Öğesi Türü
CHP Kütüphanesi CHP Kütüphanesi 02/05/2017 Bağış   706 Ö93 2008 015548 02/05/2017 02/05/2017 Books